000 00692nam a2200181Ia 4500
008 090124s9999 xx 000 0 und d
082 _b20462
100 _aदऴवी म.य.
245 _a" नामांतर, धर्मांतर आणि राष्ट्रांतर"
250 _a1
260 _bआनंद प्रकाशन
_c1983
300 _a68
600 _aदऴवी म.य.
630 _a" नामांतर, धर्मांतर आणि राष्ट्रांतर"
700 _aदऴवी म.य.
730 _a" नामांतर, धर्मांतर आणि राष्ट्रांतर"
942 _cBOOK
999 _c91116
_d91116